Emerging Challenges in Intelligent Management Information Systems Proceedings of 27th European Conference on Artificial Intelligence ECAI 2024 - IMIS Workshop

Salvato in:
Dettagli Bibliografici
Ente Autore: European Conference on Artificial Intelligence ECAI 2024 - IMIS Workshop. Workshop
Natura: Libro
Lingua:inglese
Pubblicazione: Cham Springer Nature Switzerland 2024
Edizione:1st Edition
Soggetti:
Tags: Aggiungi Tag
Nessun Tag, puoi essere il primo ad aggiungerne!!

MARC

LEADER 00000nlm a2200000 4500
001 0306188
005 20250729115846.1
020 |a 978-3-031-78468-2 
041 0 |a eng 
044 |a CH 
245 1 0 |a Emerging Challenges in Intelligent Management Information Systems  |b Proceedings of 27th European Conference on Artificial Intelligence ECAI 2024 - IMIS Workshop 
250 |a 1st Edition 
264 1 |a Cham  |b Springer Nature Switzerland  |c 2024 
300 |a 288 s. 
610 2 0 |a systémy informačné manažérske 
610 2 0 |a technológie inteligentné 
610 2 0 |a inteligencia umelá 
610 2 0 |a manažment znalostný 
610 2 0 |a médiá sociálne 
610 2 0 |a učenie strojové 
110 2 |a European Conference on Artificial Intelligence ECAI 2024 - IMIS Workshop. Workshop